000 00774cam a2200205 4500
001 WB3713-14
008 000000n2001 000 0 eng u
035 _a(Sirsi) u111677
245 _aParties fall out over lease reform
260 _c2001
490 _aEstates Gazette
_v (0112/24) 24 March 2001, 30(1)
520 _aThe government's proposed lease reform has left the property industry divided over a united possible response. Tenants and landlords have opposing views; landlords oppose anything more than a revision of the voluntary code on commercial leases.
590 _aWB
650 _aLEASE REFORM
650 _aPROPERTY INDUSTRY
650 _aRICS POLICY
650 _aCOMMERCIAL LEASES REFORM
690 _aPROPERTY-LANDLORD AND TENANT
942 _n0
999 _c66541
_d66541